00665nam a22002057a 450000500170000001000260001702000260004303500130006903500130008203700130009503700270010808200150013510000160015024501110016626000310027727000610030830000240036950000500039370000160044320100802112916.0 aENG-97636 B-424832 a9780415544542c750.00 aEN-81169 aB-424832 bDBAD/PUB bResearchco Book Centre a320.895432 aRaghavan E. aBroadening and deepening democracy :bpolitical innovaion in Karnataka /cby E. Raghavan [and] James Manor aNew DelhibRoutledgec2009 a912 Tolstoy House, 15-17 Tolstoy MargbNew Delhie110001 axv,292p.c22cm (Hb) aIncludes bibliographical refrences and index  aManor,James